[Event "CRO-chT"]
[Site "Porec"]
[Date "1998.09.07"]
[Round "3"]
[White "Pecnik, Leo"]
[Black "Zufic, Miroslav"]
[Result "0-1"]
[WhiteElo "2200"]
[BlackElo "2130"]

1.e4 c5 2.Nf3 Nc6 3.d4 cxd4 4.Nxd4 Nf6 5.Nc3 d6 6.Bg5 e6 7.Qd2 a6 8.O-O-O Bd7
9.f3 Rc8 10.g4 Be7 11.h4 h5 12.gxh5 Nxh5 13.Nxc6 Rxc6 14.Ne2 e5 15.Bh3 Bxh3
16.Rxh3 g6 17.Rdh1 Ng7 18.Bxe7 Qxe7 19.Nc3 Nh5 20.Nd5 Qd8 21.R1h2 Nf6 22.Kb1 Nxd5
23.Qxd5 Qf6 24.Qb3 Rc7 25.Qe3 Rh5 26.b3 Kf8 27.Qb6 Qe7 28.c4 Qd7 29.Rg3 Qe7
30.Rgh3 Kg7 31.Qe3 Rc8 32.Rd2 b5 33.cxb5 Qc7 34.Rh1 Rxh4 35.Rhd1 axb5 36.Qd3 Rh3
37.Qxd6 Rxf3 38.Qxc7 Rxc7 39.Rd5 Rf2 40.Rc1 Rxc1+ 41.Kxc1 Kf6 42.a3 g5 43.Rd6+ Kg7
44.Rd2 Rxd2 45.Kxd2 Kf6 46.Ke3 Ke6 47.Kd3 Kd6 48.Ke3 Kc5 49.Kd3 f6 50.b4+ Kd6  0-1

[Event "CRO-chT"]
[Site "Porec"]
[Date "1998.09.13"]
[Round "7"]
[White "Ladic, Josip"]
[Black "Zufic, Miroslav"]
[Result "1-0"]
[WhiteElo "2185"]
[BlackElo "2130"]

1.e4 c5 2.Nf3 Nc6 3.d4 cxd4 4.Nxd4 Nf6 5.Nc3 d6 6.Bg5 e6 7.Qd2 a6 8.O-O-O Bd7
9.f4 b5 10.a3 Qb6 11.Nb3 b4 12.axb4 Nxb4 13.f5 a5 14.Nd4 Rc8 15.Kb1 e5 16.Bxf6 gxf6
17.Ndb5 Rc6 18.Na3 h5 19.Bb5 Rc7 20.Bxd7+ Rxd7 21.Nd5 Nxd5 22.Qxd5 Rg8 23.g3 Rg4
24.Rhe1 Qf2 25.Nc4 Qc5 26.Qxc5 dxc5 27.Rxd7 Kxd7 28.Nxa5 h4 29.gxh4 Rxh4
30.Re2 Kc7 31.Ka2 Bh6 32.Kb3 Kb6 33.Nc4+ Kc6 34.Na3 Bf4 35.Kc4 Bxh2 36.c3 Bf4
37.Nc2 Rh1 38.Ne1 Rh8 39.Nd3 Ra8 40.Nxc5 Bh6 41.b4 Bf8 42.Nb3 Kb6 43.Na5 Rc8+
44.Kb3 Rd8 45.Rd2 Rc8 46.Rd7 Rc7 47.Rxc7 Kxc7 48.Ka4 Bh6 49.Kb5 Bd2 50.c4 Be3
51.c5 Bf2 52.Nc4  1-0

[Event "Elista ol (Women)"]
[Site "Elista"]
[Date "1998.09.29"]
[Round "1"]
[White "Ungure, Liga"]
[Black "Wang Lei"]
[Result "0-1"]
[WhiteElo "2110"]
[BlackElo "2445"]

1.e4 c5 2.Nf3 Nc6 3.d4 cxd4 4.Nxd4 Nf6 5.Nc3 d6 6.Bg5 e6 7.Qd2 a6 8.O-O-O h6
9.Be3 Be7 10.h3 Nxd4 11.Qxd4 e5 12.Qd2 Be6 13.g4 Rc8 14.Kb1 Qa5 15.Nd5 Qxd2
16.Rxd2 Nxd5 17.exd5 Bd7 18.Bd3 Bg5 19.Re2 Bxe3 20.Rxe3 O-O 21.h4 f5 22.g5 hxg5
23.hxg5 Kf7 24.f4 exf4 25.Rf3 Rh8 26.Rhf1 Rh4 27.Rxf4 Rxf4 28.Rxf4 Kg6 29.a4 Kxg5
30.Rb4 b5 31.axb5 axb5 32.Bxb5 Rb8 33.c4 f4 34.Kc2 f3 35.Rb3 Bxb5 36.cxb5 Rf8  0-1

[Event "Elista ol (Men)"]
[Site "Elista"]
[Date "1998.10.01"]
[Round "3"]
[White "Gunnarsson, Jon Viktor"]
[Black "Veingold, Aleksandr"]
[Result "1/2-1/2"]
[WhiteElo "2445"]
[BlackElo "2485"]

1.e4 c5 2.Nf3 d6 3.d4 cxd4 4.Nxd4 Nf6 5.Nc3 Nc6 6.Bg5 e6 7.Qd2 a6 8.O-O-O Bd7
9.f4 b5 10.Nf3 b4 11.Bxf6 Qxf6 12.Ne2 Qd8 13.Ned4 Be7 14.Bd3 Qb6 15.Nxc6 Bxc6
16.Kb1 a5 17.Rhe1 O-O 18.Qe2 a4 19.e5 Bxf3 20.Qxf3 dxe5 21.Rxe5 Rad8 22.Rb5 Qc7
23.Rb7 Qc5 24.Rb5 Qc7 25.Rb7 Qc5  1/2-1/2

[Event "Elista ol (Men)"]
[Site "Elista"]
[Date "1998.10.02"]
[Round "4"]
[White "Cela, Altin"]
[Black "Kozul, Zdenko"]
[Result "1-0"]
[WhiteElo "2450"]
[BlackElo "2570"]

1.e4 c5 2.Nf3 Nc6 3.d4 cxd4 4.Nxd4 Nf6 5.Nc3 d6 6.Bg5 e6 7.Qd2 a6 8.O-O-O Bd7
9.f4 b5 10.Bxf6 gxf6 11.Nxc6 Bxc6 12.Qe1 h5 13.Kb1 Rb8 14.f5 e5 15.Qh4 Ke7
16.Be2 Rc8 17.Rd3 Qc7 18.Rhd1 Bh6 19.Rxd6 Bg5 20.Qf2 Qxd6 21.Rxd6 Kxd6 22.Qa7 b4
23.Nd5 Bxd5 24.exd5 e4 25.Qxa6+ Ke5 26.d6 Rb8 27.d7 Kxf5 28.Qc4 h4 29.Qxf7 Bf4
30.Qd5+ Be5 31.Ba6 h3 32.g3 Rhd8 33.Bf1 Rh8 34.Bc4 Rbd8 35.Qf7 Bxg3 36.Be6+ Ke5
37.Bxh3 Bxh2 38.Qe6+ Kd4 39.Bf5 Bc7 40.Qxe4+ Kc5 41.a3 bxa3 42.b4+ Kb6 43.Qd4+  1-0

[Event "Elista ol (Men)"]
[Site "Elista"]
[Date "1998.10.05"]
[Round "7"]
[White "Garcia, Gildardo"]
[Black "Stefansson, Hannes"]
[Result "0-1"]
[WhiteElo "2510"]
[BlackElo "2535"]

1.e4 c5 2.Nf3 Nc6 3.d4 cxd4 4.Nxd4 Nf6 5.Nc3 d6 6.Bg5 e6 7.Qd2 a6 8.O-O-O h6
9.Bf4 Bd7 10.Nxc6 Bxc6 11.Qe1 Be7 12.e5 Nh5 13.Be3 Qc7 14.Be2 g6 15.g4 Bxh1
16.Qxh1 Ng7 17.exd6 Bxd6 18.Bb5+ Kf8 19.Ne4 axb5 20.Rxd6 Rxa2 21.Qf3 Ra1+
22.Kd2 Ne8 23.Bc5 Kg8 24.Nf6+ Nxf6 25.Qxf6 Ra8 26.Bd4 Rh7 27.Be5 g5 28.c3 b4
29.cxb4 Rc8 30.Ke1 Rf8 31.f3 Qc4 32.Kf2 Qc2+ 33.Kg3 Qg6 34.Rxe6 Qxf6 35.Rxf6 Re8
36.Bd4 Re6 37.h4 Kf8 38.hxg5 hxg5 39.Rf5 Rg6 40.Bf6 Rh1 41.Bxg5 Rg1+ 42.Kf2 Rb1
43.Be3 Rxb2+ 44.Kg3 Rb3 45.Bd4 Ke8 46.Rb5 Rd6 47.Bc5 Rf6 48.Rxb7 Rbxf3+ 49.Kh4 Rh6+
50.Kg5 Rg6+ 51.Kh4 Rf4 52.Re7+ Kd8 53.Kh5 Rg8 54.Ra7 Rfxg4 55.Rxf7 R8g5+
56.Kh6 Rg6+ 57.Kh5 Rg2 58.Ra7 Re6 59.Bd4 Rd6 60.Be3 Ke8 61.Ra5 Rd3 62.Bg5 Kf7
63.Rf5+ Ke6 64.Kg6 Rd8 65.Rf6+ Ke5 66.Rf5+ Ke4 67.Rf4+ Kd3 68.Rf5 Rg8+ 69.Kf6 Rb8
70.b5 Rb6+ 71.Ke7 Ke4 72.Rc5 Rh2 73.Kd7 Rg6 74.Be7 Ra2 75.Bd6 Rd2  0-1

[Event "Elista ol (Men)"]
[Site "Elista"]
[Date "1998.10.06"]
[Round "8"]
[White "Garcia, Gildardo"]
[Black "Atalik, Suat"]
[Result "1-0"]
[WhiteElo "2510"]
[BlackElo "2585"]

1.e4 c5 2.Nf3 d6 3.d4 cxd4 4.Nxd4 Nf6 5.Nc3 Nc6 6.Bg5 e6 7.Qd2 a6 8.O-O-O h6
9.Be3 Be7 10.f4 Bd7 11.Kb1 b5 12.Bd3 Qc7 13.Rhf1 Ng4 14.Bg1 Nxd4 15.Bxd4 b4
16.Ne2 e5 17.Bg1 a5 18.h3 Nf6 19.g4 Rb8 20.Bh2 Qc5 21.Ng3 exf4 22.Qxf4 O-O
23.Nf5 Bxf5 24.Qxf5 Qxf5 25.Rxf5 Ra8 26.e5 dxe5 27.Bxe5 Nd5 28.Bxg7 Kxg7
29.Rxd5 Rfd8 30.Rf5 Rd6 31.Rb5 Ra7 32.Re1 a4 33.Rf1 Rd4 34.Rf3 Rad7 35.Kc1 R4d5
36.Rxd5 Rxd5 37.c3 bxc3 38.bxc3 Rc5 39.Kc2 Bf6 40.Be4 h5 41.gxh5 Rxh5 42.Bc6 a3
43.Kb3 Be7 44.Be8 Re5 45.Bxf7 Rb5+ 46.Ka4 Rc5 47.c4 Re5 48.Bd5 Re2 49.Kb5 Rb2+
50.Kc6 Kh6 51.Rf7 Bh4 52.c5 Rc2 53.Rh7+ Kg5 54.Rxh4 Kxh4 55.Kd6  1-0

[Event "Elista ol (Men)"]
[Site "Elista"]
[Date "1998.10.12"]
[Round "13"]
[White "Wagener, Claude"]
[Black "Urbaneja, Juan Carlos"]
[Result "1-0"]
[WhiteElo "2200"]
[BlackElo "2240"]

1.e4 c5 2.Nf3 Nc6 3.d4 cxd4 4.Nxd4 Nf6 5.Nc3 d6 6.Bg5 e6 7.Qd2 a6 8.O-O-O h6
9.Nxc6 bxc6 10.Bf4 d5 11.Be2 Bb4 12.Qe3 Be7 13.Qg3 Kf8 14.Be5 Ne8 15.f4 f6
16.Qg6 Bc5 17.Bh5 Qe7 18.Rhf1 Bb7 19.f5 fxe5 20.fxe6+ Nf6 21.exd5 cxd5 22.Rxd5 Be3+
23.Kb1 Bf4 24.Rd3 Qxe6 25.Rd6 Qe7 26.Rfd1 e4 27.Rd8+ Ne8 28.R8d7  1-0

[Event "New York Manhattan"]
[Site "New York"]
[Date "1998.10.15"]
[Round "8"]
[White "Stripunsky, Alexander"]
[Black "Burnett, Ronald"]
[Result "0-1"]
[WhiteElo "2520"]
[BlackElo "2395"]

1.e4 c5 2.Nf3 Nc6 3.d4 cxd4 4.Nxd4 Nf6 5.Nc3 d6 6.Bg5 e6 7.Qd2 a6 8.O-O-O h6
9.Bf4 Bd7 10.Nb3 Ne5 11.Bg3 g5 12.h4 Rg8 13.hxg5 hxg5 14.Nc5 Bc6 15.Qd4 dxc5
16.Qxe5 Nd7 17.Qc7 Qxc7 18.Bxc7 Rc8 19.Bg3 Bg7 20.Nd5 Rh8 21.Rxh8+ Bxh8 22.Bd6 exd5
23.exd5 Be5 24.Bxe5 Nxe5 25.dxc6 Rxc6 26.g3 Ke7 27.Bg2 Rc7 28.Rd5 f6 29.Be4 Ke6
30.Rd8 Nf7 31.Re8+ Kd7 32.Rg8 Ke6 33.c4 Nd6 34.Bd5+ Ke5 35.Rd8 g4 36.Kd2 Rh7
37.a4 Rh2 38.Ke2 b5 39.b3 b4 40.a5 Nf5 41.Kd3 Nd4 42.Re8+ Kd6 43.Ra8 Rxf2
44.Rxa6+ Ke5 45.Ra8 Rb2 46.a6 Rxb3+ 47.Kd2 Rb2+ 48.Kc1 Ra2 49.Kb1 b3 50.a7 Nf3
51.Re8+ Kd4 52.a8=Q Nd2+ 53.Kc1 b2+ 54.Kxd2 b1=Q+ 55.Qxa2 Qxa2+ 56.Ke1 Qh2
57.Kf1 Qxg3 58.Re2 f5 59.Rd2+ Kc3 60.Rg2 Qe3 61.Re2 Qd3 62.Kf2 f4 63.Re4 g3+
64.Kg2 Qd2+  0-1

[Event "VAM Hoogeveen op"]
[Site "Hoogeveen"]
[Date "1998.10.18"]
[Round "3"]
[White "Garcia, Gildardo"]
[Black "Wunnink, Michael"]
[Result "1-0"]
[WhiteElo "2510"]
[BlackElo "2105"]

1.e4 c5 2.Nf3 d6 3.d4 cxd4 4.Nxd4 Nf6 5.Nc3 Nc6 6.Bg5 e6 7.Qd2 a6 8.O-O-O Nxd4
9.Qxd4 Be7 10.f4 b5 11.Bxf6 gxf6 12.e5 d5 13.Kb1 Rg8 14.f5 Bd7 15.fxe6 fxe6
16.Be2 Kf8 17.Rhf1 Kg7 18.Rd3 f5 19.g4 fxg4 20.Bxg4 Rf8 21.Rg1 Kh8 22.Nxd5 exd5
23.Bxd7 Qxd7 24.e6+ Bf6 25.exd7 Bxd4 26.Rxd4 Rad8 27.Rxd5 Rf7 28.Rgd1  1-0

[Event "Najdorf op"]
[Site "Buenos Aires"]
[Date "1998.10.25"]
[Round "2"]
[White "Lauridsen, Jesper Morck"]
[Black "Braga, Fernando"]
[Result "1-0"]
[WhiteElo "2245"]
[BlackElo "2470"]

1.e4 c5 2.Nf3 Nc6 3.d4 cxd4 4.Nxd4 Nf6 5.Nc3 d6 6.Bg5 e6 7.Qd2 a6 8.O-O-O Nxd4
9.Qxd4 Be7 10.e5 dxe5 11.Qxe5 Bd7 12.Bc4 Rc8 13.Bb3 Qc7 14.Qe2 b5 15.f4 h6
16.Bxf6 Qxf4+ 17.Kb1 gxf6 18.Rhe1 Qe5 19.Qf3 Bc6 20.Qh3 Qc7 21.Rxe6 Kf8 22.Ree1 h5
23.Nd5 Bxd5 24.Rxd5 Rd8 25.Rxh5 Rg8 26.Rh8 Qf4 27.Qh7  1-0

[Event "BL9899 (Women)"]
[Site "Germany"]
[Date "1998.10.25"]
[Round "2.4"]
[White "Barthel, Bergit"]
[Black "Wagner Michel, Annett"]
[Result "0-1"]
[WhiteElo "2100"]
[BlackElo "2130"]

1.e4 c5 2.Nf3 Nc6 3.d4 cxd4 4.Nxd4 Nf6 5.Nc3 d6 6.Bg5 e6 7.Qd2 a6 8.O-O-O Bd7
9.f4 b5 10.e5 dxe5 11.Bxf6 gxf6 12.Nf3 Bb4 13.fxe5 Nxe5 14.Nxe5 fxe5 15.Qe3 Bxc3
16.Qxc3 Qg5+ 17.Kb1 Rc8 18.Qa5 e4 19.Qxa6 Qc5 20.c3 Rb8 21.Be2 Ke7 22.Rhf1 f5
23.b4 Qc7 24.Rxd7+ Qxd7 25.Rd1 Qc7 26.Bxb5 Qxc3 27.Qd6+ Kf6 28.Rc1 Qe5 29.Qxe5+ Kxe5
30.Rc5+ Kf4 31.a3 Rhd8 32.Kc2 Rxb5 33.Rxb5 e3 34.Rc5 e2 35.Rc4+ Ke5 36.Rc5+ Kf6  0-1

[Event "Wch U18"]
[Site "Oropesa del Mar"]
[Date "1998.10.25"]
[Round "1"]
[White "Blehm, Pawel"]
[Black "Uribe, Mauricio"]
[Result "1/2-1/2"]
[WhiteElo "2420"]
[BlackElo "2200"]

1.e4 c5 2.Nf3 Nc6 3.d4 cxd4 4.Nxd4 Nf6 5.Nc3 d6 6.Bg5 e6 7.Qd2 a6 8.O-O-O Nxd4
9.Qxd4 Be7 10.f3 b5 11.h4 Bb7 12.Qd2 Qc7 13.Bd3 h6 14.Be3 Qa5 15.Kb1 b4 16.Ne2 d5
17.e5 Nd7 18.f4 Bc6 19.Nd4 Bb5 20.f5 Nc5 21.fxe6 Nxe6 22.Nb3 Qc7 23.Bxb5+ axb5
24.Qxd5 O-O 25.Qd7 Rfc8 26.Qxc7 Rxc7 27.g3 Rac8 28.Rh2 Rc4 29.Nd4 Bc5 30.Rhd2 Kh7
31.Nf5 Re4 32.Bxc5 Rxc5 33.Nd6 Rexe5 34.Nxf7 Re3 35.Nd6 Rce5 36.Rd3 g5 37.hxg5 Rxd3
38.cxd3 hxg5 39.Ne4 Kg6 40.Kc2 Nd4+ 41.Kd2 Re7 42.Rc1 Rh7 43.Ke3 Nf5+ 44.Kf3 Rh2
45.Rc6+ Kg7 46.Kg4 Nh6+ 47.Kxg5 Nf7+ 48.Kf5 Rxb2 49.Rg6+ Kf8 50.Ra6 b3 51.Kf6 Rxa2
52.Rb6 Ke8 53.Rb8+ Nd8 54.Rxb5 b2 55.Nd6+ Kd7 56.Nc4 b1=Q 57.Rxb1 Rg2 58.g4 Rf2+
59.Ke5 Rg2 60.Kf5 Rf2+ 61.Ke4 Ne6 62.Ne5+ Kc7 63.Ke3 Rg2 64.Kf3 Rc2  1/2-1/2

[Event "Wch U18"]
[Site "Oropesa del Mar"]
[Date "1998.10.25"]
[Round "1"]
[White "Atakisi, Umut"]
[Black "Gershon, Alik"]
[Result "0-1"]
[WhiteElo "2225"]
[BlackElo "2460"]

1.e4 c5 2.Nf3 Nc6 3.d4 cxd4 4.Nxd4 Nf6 5.Nc3 d6 6.Bg5 e6 7.Qd2 a6 8.O-O-O h6
9.Bf4 Bd7 10.Nxc6 Bxc6 11.Qe1 Qc7 12.Nd5 Bxd5 13.exd5 e5 14.Kb1 Be7 15.Be3 b5
16.f4 Nd7 17.fxe5 dxe5 18.h4 Rc8 19.c3 Qd6 20.Bd3 Nc5 21.Bc2 Bf6 22.g4 g6
23.h5 g5 24.Rf1 Nd7 25.Qf2 Rc7 26.Bf5 Bg7 27.Rfe1 O-O 28.Rf1 Nf6 29.Qg3 Rc4
30.Qf3 Rd8 31.Rd2 b4 32.cxb4 Rxb4 33.Rc1 e4 34.Qg2 Rb5 35.Rc6 Qb4 36.Rxa6 Nxd5
37.Bxe4  0-1

[Event "Pan American"]
[Site "San Felipe"]
[Date "1998.10.26"]
[Round "2"]
[White "Garcia, Gildardo"]
[Black "Serper, Grigory"]
[Result "1/2-1/2"]
[WhiteElo "2510"]
[BlackElo "2535"]

1.e4 c5 2.Nf3 d6 3.d4 cxd4 4.Nxd4 Nf6 5.Nc3 Nc6 6.Bg5 e6 7.Qd2 a6 8.O-O-O h6
9.Be3 Be7 10.f4 Bd7 11.Kb1 b5  1/2-1/2

[Event "Wch U18"]
[Site "Oropesa del Mar"]
[Date "1998.10.27"]
[Round "3"]
[White "Atakisi, Umut"]
[Black "Acs, Peter"]
[Result "0-1"]
[WhiteElo "2225"]
[BlackElo "2500"]

1.e4 c5 2.Nf3 Nc6 3.d4 cxd4 4.Nxd4 Nf6 5.Nc3 d6 6.Bg5 e6 7.Qd2 a6 8.O-O-O Be7
9.f4 Nxd4 10.Qxd4 b5 11.Bxf6 gxf6 12.Be2 Bb7 13.Bf3 Rc8 14.Kb1 Rc4 15.Qd3 Qc7
16.g4 O-O 17.h4 Rc8 18.Rd2 Qa5 19.Ne2 Bxe4 20.Bxe4 Rxe4 21.c3 d5 22.g5 b4
23.f5 exf5 24.cxb4 Bxb4 25.Rc2 Rxc2 26.Qxc2 Qc5 27.Qxc5 Bxc5 28.Nc3 Re5 29.gxf6 h5
30.Rh2 f4  0-1

[Event "Wch U18 Girls"]
[Site "Oropesa del Mar"]
[Date "1998.10.27"]
[Round "3"]
[White "Morkunaite, Egle"]
[Black "Pina, Sulennis"]
[Result "0-1"]
[WhiteElo "2065"]
[BlackElo "2185"]

1.e4 c5 2.Nf3 d6 3.d4 cxd4 4.Nxd4 Nf6 5.Nc3 Nc6 6.Bg5 e6 7.Qd2 a6 8.O-O-O h6
9.Bf4 Bd7 10.Bg3 b5 11.Nxc6 Bxc6 12.Bxd6 Bxd6 13.Qxd6 Qxd6 14.Rxd6 Bb7 15.f3 Ke7
16.Rd1 Rhc8 17.Be2 Nd7 18.Rd4 Bc6 19.a4 Nc5 20.Kb1 Rab8 21.b4 e5 22.Nd5+ Kf8
23.Rd2 Nxa4 24.Ka2 Rd8 25.Kb3 Nb6 26.Rhd1 Bxd5+ 27.exd5 Rbc8 28.Bf1 Rd6 29.g3 Ke7
30.Re1 Kf6 31.Ra1 Nc4 32.Rf2 Ke7 33.f4 e4 34.Re1 f5 35.g4 g6 36.gxf5 gxf5
37.Bh3 Rxd5 38.Rxe4+ fxe4 39.Bxc8 e3 40.Re2 Rd6 41.f5 Kf6 42.Be6 Rd2 43.Re1 Ke5
44.Kc3 Ke4 45.f6 Rf2 46.f7 Nd6 47.Bd5+ Kxd5 48.Rxe3 Rxf7 49.Rd3+ Ke5 50.Re3+ Ne4+
51.Kb3 Rf3  0-1

[Event "Wch U18 Girls"]
[Site "Oropesa del Mar"]
[Date "1998.10.30"]
[Round "5"]
[White "Paehtz, Elisabeth"]
[Black "Pina, Sulennis"]
[Result "0-1"]
[WhiteElo "2230"]
[BlackElo "2185"]

1.e4 c5 2.Nf3 d6 3.d4 cxd4 4.Nxd4 Nf6 5.Nc3 Nc6 6.Bg5 e6 7.Qd2 a6 8.O-O-O Bd7
9.f3 h6 10.Be3 b5 11.Nxc6 Bxc6 12.Ne2 Qc7 13.Kb1 e5 14.Nc3 Rb8 15.h4 a5 16.g3 Be7
17.Bh3 b4 18.Nd5 Nxd5 19.exd5 Bd7 20.Bxd7+ Qxd7 21.g4 f5 22.Rdg1 f4 23.Bf2 O-O
24.Re1 a4 25.b3 Rb5 26.Qd3 Ra8 27.Qc4 Qb7 28.Rd1 Rba5 29.Rd2 Rc8 30.Qe4 Rc3
31.g5 h5 32.g6 Qc8 33.Qxb4 Ra8 34.Qe4 Bf6 35.Re1 Qc7 36.Rde2 axb3 37.cxb3 Rc8
38.Kb2 Rc1 39.Bd4 Bxh4 40.Qf5 Rxe1 41.Qe6+ Kh8  0-1

[Event "Wch U18"]
[Site "Oropesa del Mar"]
[Date "1998.10.31"]
[Round "6"]
[White "Horvath, Adam"]
[Black "Benkovic, Petar"]
[Result "1-0"]
[WhiteElo "2455"]
[BlackElo "2310"]

1.e4 c5 2.Nf3 d6 3.d4 cxd4 4.Nxd4 Nf6 5.Nc3 Nc6 6.Bg5 e6 7.Qd3 a6 8.O-O-O Be7
9.Be2 h6 10.Bh4 Qc7 11.f4 Bd7 12.Nb3 b5 13.Bxf6 gxf6 14.Bh5 b4 15.Ne2 Na5
16.Ned4 Rc8 17.f5 e5 18.Ne6 Nxb3+ 19.axb3 Qc6 20.Rd2 Rg8 21.Qe2 Bd8 22.Rhd1 Ke7
23.Bxf7 Kxf7 24.Rxd6 Bxe6 25.fxe6+ Ke7 26.Rxc6 Rxc6 27.Qd3  1-0

[Event "Chigorin mem"]
[Site "St. Petersburg"]
[Date "1998.11.01"]
[Round "2"]
[White "Nikanorov, Andrej"]
[Black "Ivanov, Sergey"]
[Result "0-1"]
[WhiteElo "2265"]
[BlackElo "2550"]

1.e4 c5 2.Nf3 Nc6 3.d4 cxd4 4.Nxd4 Nf6 5.Nc3 d6 6.Bg5 e6 7.Qd2 a6 8.O-O-O h6
9.Be3 Be7 10.f4 Nxd4 11.Qxd4 O-O 12.Be2 b5 13.g4 Qa5 14.g5 hxg5 15.fxg5 Nd7
16.a3 Rb8 17.Na2 Bb7 18.Rhg1 Rbc8 19.Kb1 Qc7 20.Rc1 Nc5 21.e5 dxe5 22.Qh4 Qc6
23.Bxc5 Bxc5 24.Rg4 Rfd8 25.Bd3 g6 26.Bxg6 fxg6 27.Qh6 Bf8 28.Qxg6+ Bg7 29.Rh4 Qf3
30.Qh7+ Kf8 31.Rh6 Be4 32.Rh3 Qe2 33.Qh5 Rxc2  0-1

[Event "Corsican op"]
[Site "Bastia"]
[Date "1998.11.03"]
[Round "6"]
[White "Delchev, Aleksander"]
[Black "Tyomkin, Dimitri"]
[Result "1/2-1/2"]
[WhiteElo "2575"]
[BlackElo "2465"]

1.e4 c5 2.Nf3 d6 3.d4 cxd4 4.Nxd4 Nf6 5.Nc3 Nc6 6.Bg5 e6 7.Qd2 a6 8.O-O-O h6
9.Bf4 Bd7 10.Nxc6 Bxc6 11.f3 d5 12.Qe1 Bb4 13.a3 Ba5 14.b4 Bb6 15.exd5 Bxd5
16.Be5 O-O 17.Qh4 Nd7 18.Qxd8 Raxd8 19.Bd4 Bc6 20.Be2 e5 21.Bxb6 Nxb6 22.Rhe1 Rfe8
23.Rxd8 Rxd8 24.Bd3 f6 25.Rd1 Kf8 26.Ne4 Na4 27.Ng3 Nc3 28.Rd2 Bb5 29.Bxb5 Rxd2
30.Kxd2 Nxb5 31.a4 Nd6 32.Kd3 Ke7 33.c4 Ke6 34.Ne4 Nxe4 35.fxe4 h5 36.c5 g6  1/2-1/2

[Event "Corsican op"]
[Site "Bastia"]
[Date "1998.11.04"]
[Round "8"]
[White "Shchekachev, Andrei"]
[Black "Tyomkin, Dimitri"]
[Result "1/2-1/2"]
[WhiteElo "2560"]
[BlackElo "2465"]

1.e4 c5 2.Nf3 d6 3.d4 cxd4 4.Nxd4 Nf6 5.Nc3 Nc6 6.Bg5 e6 7.Qd2 a6 8.O-O-O h6
9.Be3 Be7 10.f3 Nxd4 11.Bxd4 b5 12.Kb1 Rb8 13.Qe1 b4 14.Ne2 Qc7 15.b3 e5
16.Bb2 Be6 17.g4 Rc8 18.Ng3 g6 19.Bd3 a5 20.h4 Nd7 21.Nf5 Nc5 22.Ng7+ Kf8
23.Nxe6+ Nxe6 24.Qd2 Kg8 25.Bc4 Nf4 26.Rh2 Qb6 27.Qe1 Kg7 28.Bc1 Bf6 29.Be3 Qc7
30.Rhd2 Rhd8 31.Qg1 Bxh4 32.Bb6 Qb8 33.Bxa5 Rd7 34.Qb6 Bd8  1/2-1/2

[Event "Pan American"]
[Site "San Felipe"]
[Date "1998.11.04"]
[Round "9"]
[White "Ivanov, Alexander"]
[Black "Serper, Grigory"]
[Result "1-0"]
[WhiteElo "2510"]
[BlackElo "2535"]

1.e4 c5 2.Nf3 d6 3.d4 cxd4 4.Nxd4 Nf6 5.Nc3 Nc6 6.Bg5 e6 7.Qd2 a6 8.O-O-O h6
9.Bf4 Bd7 10.Nxc6 Bxc6 11.f3 d5 12.Qe1 Bb4 13.a3 Ba5 14.b4 Bb6 15.exd5 Bxd5
16.Be5 O-O 17.Qh4 a5 18.Bxf6 Qxf6 19.Qxf6 gxf6 20.b5 Rfd8 21.Na4 Bf2 22.Nb2 e5
23.Bd3 Rac8 24.Be4 Bxe4 25.fxe4 Rxd1+ 26.Rxd1 Bc5 27.Rd3  1-0

[Event "Young Masters 5th"]
[Site "Loures"]
[Date "1998.11.05"]
[Round "3"]
[White "Santo Roman, Marc"]
[Black "Moreno, Javier"]
[Result "0-1"]
[WhiteElo "2375"]
[BlackElo "2430"]

1.e4 c5 2.Nf3 d6 3.d4 Nf6 4.Nc3 cxd4 5.Nxd4 Nc6 6.Bg5 e6 7.Qd2 Be7 8.O-O-O Nxd4
9.Qxd4 a6 10.e5 dxe5 11.Qxe5 Bd7 12.Be2 Rc8 13.Qg3 Nh5 14.Bxh5 Bxg5+ 15.Kb1 g6
16.Bf3 Rxc3 17.bxc3 Qb6+ 18.Ka1 Bf6 19.Rd3 O-O 20.Rb1 Qa5 21.Bxb7 Bb5 22.Rb3 Bxd3
23.Qxd3 Rd8 24.Qf3 Kg7 25.Kb2 Rd2 26.Qe3 Rd1 27.g3 Rd7 28.h4 Rc7 29.Bf3 Rxc3
30.Rxc3 Qb4+ 31.Kc1 Bxc3 32.Kd1 Bd4 33.Qe4 Qc5 34.Be2 Bxf2 35.Bxa6 Bxg3 36.Bd3 Qg1+
37.Kd2 Qh2+ 38.Kc3 Bxh4 39.a4 Bf6+ 40.Kb4 Qd6+ 41.Kb5 Qb8+ 42.Ka6 h5 43.Qb7 Qxb7+
44.Kxb7 Bc3 45.Kb6 Kf6 46.a5 Ke5 47.a6 Kd6 48.a7 Bd4+ 49.Kb7 Bxa7 50.Kxa7 Kc5  0-1

[Event "Wch U18"]
[Site "Oropesa del Mar"]
[Date "1998.11.06"]
[Round "10"]
[White "Horvath, Adam"]
[Black "Blehm, Pawel"]
[Result "1/2-1/2"]
[WhiteElo "2455"]
[BlackElo "2420"]

1.e4 c5 2.Nf3 d6 3.d4 cxd4 4.Nxd4 Nf6 5.Nc3 Nc6 6.Bg5 e6 7.Qd3 a6 8.O-O-O Nxd4
9.Qxd4 Be7 10.f4 b5 11.Bxf6 gxf6 12.Be2 Qc7 13.f5 Qc5 14.Qxc5 dxc5 15.fxe6 fxe6
16.Bh5+ Kf8 17.Rhf1 Kg7 18.Rd3 Rd8 19.Rfd1 Rxd3 20.Rxd3 Rb8 21.Bg4 c4 22.Rd1 b4
23.Ne2 f5 24.exf5 exf5 25.Bf3 c3 26.Nd4 Bf6 27.Bd5 Rb6 28.bxc3 bxc3 29.Bb3 Be7
30.Rd3 Bb4 31.Ne2 Rc6 32.Kd1 a5 33.Nf4 Rd6 34.Nd5 Rg6 35.Nf4 Rd6 36.Nd5 Rh6
37.a3 Bxa3 38.Rxc3 Ba6 39.Rc7+ Kf8 40.h3 Ke8 41.c4 f4 42.Ra7 Kd8 43.Ra8+ Bc8
44.Rxa5 f3 45.gxf3 Bd6 46.Ra8 Bc5 47.Bc2 Ra6 48.Rxa6 Bxa6 49.Bd3 h6 50.Kd2 Bc8
51.Bf1 Bb7 52.Nf4 Bd6 53.Ke3 Bc5+ 54.Kd3 Bd6 55.Ne6+ Ke7 56.Nd4 Kf6 57.Ke3 Kg5
58.Nb3 Bf4+ 59.Kf2 Be5 60.Ke3 Bf4+ 61.Ke2 Be5 62.Nc5 Bc6 63.Bg2 Kf5 64.Kd3 Bd6
65.Nb3 Ba4 66.Nd4+ Ke5 67.Ke3 Bc5 68.f4+ Kf6 69.Ke4 Be8 70.Kd5 Ba7 71.c5 Bf7+
72.Kd6 Bb8+ 73.Kd7 Bxf4 74.c6 Be3 75.Nb5 Be6+ 76.Kd8 Bb6+ 77.Ke8 Ke5 78.Ke7 Bc5+
79.Kd8 Bb6+  1/2-1/2

[Event "BEL-chT9899"]
[Site "Antwerp"]
[Date "1998.11.08"]
[Round "2"]
[White "Thirion, Marcel"]
[Black "Van Uytven, Eric"]
[Result "1/2-1/2"]
[WhiteElo "2220"]
[BlackElo "2125"]

1.e4 c5 2.Nf3 d6 3.d4 cxd4 4.Nxd4 Nf6 5.Nc3 Nc6 6.Bg5 e6 7.Qd2 Be7 8.O-O-O O-O
9.Nb3 Qb6 10.f3 Rd8 11.h4 a6 12.Be3 Qc7 13.Qf2 Nd7 14.g4 b5 15.g5 Rb8 16.Bh3 Nb6
17.Kb1 Nc4 18.Bc1 a5 19.Nd4 Nxd4 20.Qxd4 b4 21.Ne2 a4 22.b3 axb3 23.cxb3 Na3+
24.Bxa3 bxa3 25.Qc3 Qb6 26.Nd4 Bd7 27.Qd3 g6 28.f4 d5  1/2-1/2

[Event "ISR-ch"]
[Site "Ramat Aviv"]
[Date "1998.11.09"]
[Round "2.1"]
[White "Greenfeld, Alon"]
[Black "Tyomkin, Dimitri"]
[Result "0-1"]
[WhiteElo "2535"]
[BlackElo "2465"]

1.e4 c5 2.Nf3 d6 3.d4 cxd4 4.Nxd4 Nf6 5.Nc3 Nc6 6.Bg5 e6 7.Qd2 a6 8.O-O-O h6
9.Nxc6 bxc6 10.Bf4 d5 11.Qe3 Bb4 12.Be2 O-O 13.e5 Nd7 14.Qg3 Kh8 15.Qh3 Kg8
16.Rd3 Qe7 17.Rg3 Nxe5 18.Bxe5 f6 19.a3 Bc5 20.Qxh6 fxe5 21.Bd3 e4 22.Nxe4 dxe4
23.Bxe4 Rf5 24.Bxf5 exf5 25.Qxc6 Bb7 26.Qg6 Bxf2 27.Rh3 Be4 28.Qh7+ Kf7 29.Rf1 Qg5+
30.Kb1 Qxg2 31.Rd1 Bd4 32.Qh5+ Ke6 33.Rc1 Rb8 34.Rb3 Rxb3 35.Qe8+ Kf6 36.Qd8+ Kg6
37.Qxd4 Rf3  0-1

[Event "Budapest FS11 IM-B"]
[Site "Budapest"]
[Date "1998.11.10"]
[Round "4"]
[White "Lengyel, Bela"]
[Black "Sulskis, Giedrius"]
[Result "1-0"]
[WhiteElo "2385"]
[BlackElo "2235"]

1.e4 c5 2.Nf3 d6 3.d4 cxd4 4.Nxd4 Nf6 5.Nc3 Nc6 6.Bg5 e6 7.Bb5 Bd7 8.O-O Be7
9.Nb3 a6 10.Be2 Qc7 11.f4 b5 12.a3 O-O 13.Kh1 h6 14.Bh4 Rfe8 15.Bg3 e5 16.f5 b4
17.Nd5 Nxd5 18.exd5 Nd4 19.Nxd4 exd4 20.axb4 Bf6 21.Rxa6 Rxa6 22.Bxa6 Qb6
23.Bd3 Qxb4 24.b3 Bc8 25.Bf4 Qc5 26.Qf3 Bb7 27.Bc4 Kh7 28.g3 Ra8 29.Kg2 Ra5
30.Rd1 Bxd5 31.Bxd5 Qxd5 32.Qxd5 Rxd5 33.c4 Rxf5 34.Bxd6 Ra5 35.Kf3 Ra2 36.h4 Rc2
37.Ke4 Re2+ 38.Kd5 Re3 39.b4 Rb3 40.b5 d3 41.Kc6 Bd4 42.c5 Kg6 43.b6 Kf5
44.b7 Be5 45.Rxd3  1-0

[Event "Budapest FS11 IM-B"]
[Site "Budapest"]
[Date "1998.11.12"]
[Round "6"]
[White "Lengyel, Bela"]
[Black "Gross, David"]
[Result "0-1"]
[WhiteElo "2385"]
[BlackElo "2435"]

1.e4 c5 2.Nf3 Nc6 3.d4 cxd4 4.Nxd4 Nf6 5.Nc3 d6 6.Bg5 e6 7.Bb5 Qb6 8.Be3 Qc7
9.f4 Be7 10.Qf3 O-O 11.O-O a6 12.Bd3 Nxd4 13.Bxd4 e5 14.Be3 b5 15.a3 Bb7
16.fxe5 dxe5 17.Ne2 Ne8 18.Ng3 Bc5 19.Rae1 g6 20.Qf2 Rc8 21.Kh1 Qb6 22.Qd2 Bxe3
23.Rxe3 Ng7 24.Re2 Rcd8 25.Qc1 Rd6 26.Ref2 Ne6 27.Qh6 Qd8 28.Rf6 Ng7 29.Rxd6 Qxd6
30.Qe3 Rd8 31.Qf2 Rd7 32.Kg1 Ne6 33.Re1 Nc5 34.Re3 Qd4 35.b4 Ne6 36.c3 Qxc3
37.Bxb5 Rd1+ 38.Bf1 Qc1 39.h4 Nf4 40.Kh2 Rd2 41.Qf3 Qb2 42.Ne2 Nxe2 43.Rxe2 Rxe2
44.Bxe2 Kg7 45.Bc4 f5 46.Qe2 Qd4 47.Bxa6 Bxe4 48.Bc4 Bb7 49.h5 e4 50.hxg6 hxg6
51.Bb3 Qe5+ 52.Kg1 e3 53.a4 f4 54.Bc4 Qg5 55.Ba6 f3 56.Qb2+ Kh7 57.Bxb7 f2+
58.Kf1 Qh5 59.Qb3 Qh1+ 60.Ke2 Qe1+ 61.Kd3  0-1

[Event "Tanta op"]
[Site "Tanta"]
[Date "1998.11.21"]
[Round "5"]
[White "Yousry, Mohamed"]
[Black "El Ghazali, Youssef M"]
[Result "1/2-1/2"]
[WhiteElo "2250"]
[BlackElo "2335"]

1.e4 c5 2.Nf3 Nc6 3.d4 cxd4 4.Nxd4 Nf6 5.Nc3 d6 6.Bg5 e6 7.Qd2 h6 8.Bh4 Be7
9.O-O-O O-O 10.Bg3 Nxd4 11.Qxd4 e5 12.Qd3 Be6 13.Nd5 Nxd5 14.exd5 Bg4 15.f3 Bh5
16.Qb3 a6 17.Bf2 b5 18.g4 Bg6 19.Bd3 Bh4 20.Bg3 Qg5+ 21.Kb1 Bxg3 22.hxg3 e4
23.Bxe4 Bxe4 24.fxe4 Qxg4 25.e5 dxe5 26.d6 Rad8 27.Qd5 Qe6 28.d7 Qxd5 29.Rxd5 f5
30.a4 f4 31.axb5 axb5 32.Rxe5 fxg3 33.Rg1 Rxd7 34.Rxg3 Rb7 35.Rb3 Rfb8 36.Rb4 Kf7
37.Rf4+ Kg6 38.c3 Rb6 39.Kc2 Rf6 40.Rg4+ Kh7 41.Rb4 Rfb6 42.Rd4 R8b7 43.b3 g5
44.c4 bxc4 45.bxc4 Kg6 46.c5 Kf6 47.Rdd5 Rb2+ 48.Kc3 R2b3+ 49.Kc2 Rf3 50.Re8 Kg6
51.Re6+ Kh5 52.c6 Ra7 53.Rdd6 Ra2+ 54.Kb1 Rg2 55.Rxh6+ Kg4 56.Rd4+ Kg3 57.Rc4 Rf1+
58.Rc1 Rgg1 59.Rxf1 Rxf1+ 60.Kc2 Rf7  1/2-1/2